MARC

LEADER 00000nam0a2200000 4500
001 297584
005 20231102001025.0
035 |a (RuTPU)RU\TPU\book\322717 
090 |a 297584 
100 |a 20150609d1984 k y0rusy50 ca 
101 0 |a rus 
102 |a RU 
105 |a a j 000zy 
200 1 |a Электроакустические и усилительные устройства  |e учебное пособие  |f Ю. А. Ружицкий, А. А. Заикин, В. М. Карташова 
205 |a 4-е изд., перераб. и доп. 
210 |a Москва  |c Высшая школа  |d 1984 
215 |a 256 с.  |c ил. 
606 1 |a Электроакустические аппараты  |2 stltpush  |3 (RuTPU)RU\TPU\subj\19715  |9 44888 
610 1 |a усилительные схемы 
610 1 |a усилительные устройства 
610 1 |a электровакуумные материалы 
610 1 |a электровакуумные приборы 
610 1 |a полупроводниковые приборы 
610 1 |a акустика 
610 1 |a фотоэлектрические приборы 
610 1 |a выпрямители 
610 1 |a каскады 
610 1 |a напряжение 
610 1 |a входные цепи 
610 1 |a обратные связи 
610 1 |a детали 
610 1 |a передвижные установки 
610 1 |a неисправности 
610 1 |a учебные пособия 
675 |a 621.396.632(075.32)  |v 4 
700 1 |a Ружицкий  |b Ю. А.  |g Юрий Александрович 
701 1 |a Заикин  |b А. А.  |g Алексей Алексеевич 
701 1 |a Карташова  |b В. М.  |g Вера Михайловна 
801 1 |a RU  |b 63413507  |c 20150609 
801 2 |a RU  |b 63413507  |c 20180406  |g RCR 
942 |c BK